| 000 | 00436nam a2200157 a 4500 | ||
|---|---|---|---|
| 005 | 20140310183320.0 | ||
| 008 | 060224s19uu xx 00 eng d | ||
| 020 | _a0451167783 | ||
| 050 |
_aPS 3545.I5365 _b.W721 1974 |
||
| 100 | _aWilliams, Tennessee | ||
| 245 |
_aA streetcar named desire / _cTennessee Williams. |
||
| 260 |
_aNew York : _bPenguin Group, _c1974. |
||
| 300 |
_a142 p. : _c17 cm. |
||
| 942 |
_cBK _2lcc |
||
| 999 |
_c21374 _d21374 |
||